Personnalités au hasard #45 - Statistiques

Statistiques générales
  • Ce quiz a été pris 256 fois
  • Le résultat moyen est 9 sur 32
Statistiques - réponses
Par images Réponse % Correct
Manuel Valls
81%
Angelina Jolie
80%
François Civil
80%
DJ Snake
76%
The Weeknd
72%
Dave
66%
Malik Bentalha
49%
Ademo
46%
Olivia Rodrigo
43%
Ève Gilles
38%
Zahia Dehar
35%
Bernard Lavilliers
27%
Bruno Retailleau
26%
Ada Hegerberg
24%
Kofs
20%
Doums
18%
Hilary Swank
13%
Éric Toledano
9%
Sinéad O'Connor
9%
Abdellatif Kechiche
8%
Ladj Ly
8%
Joséphine Japy
7%
Paul Gasnier
5%
Vincent Auriol
5%
Chris Tucker
4%
Pierre Elliott Trudeau
4%
Moha
3%
Cédric Jimenez
2%
Djinda
2%
Abbie Hoffman
1%
Djebril Zonga
1%
Norbert Elias
1%
Aucun quiz correspondant
Distribution des résultats
% des personnes avec chaque résultat
Percentile par nombre de réponses
Votre historique - résultats
Vous n’avez pas pris ce quiz